Music Quiz

Random Music or Song Quiz

Guess the Lyrics of this 80's Song Quiz Stats

 Plays Quiz not verified by Sporcle

Score 0/178 Timer 12:00
0 Plays Today
% Correct
a
97%
a
97%
the
97%
a
97%
and
97%
the
97%
A
97%
a
97%
The
97%
and
97%
a
97%
the
97%
and
97%
and
97%
and
97%
and
97%
the
97%
the
97%
the
97%
a
97%
the
97%
the
97%
the
97%
and
97%
and
97%
and
97%
and
97%
the
97%
the
97%
the
97%
the
97%
to
83.9%
to
83.9%
to
83.9%
to
83.9%
to
83.9%
to
83.9%
in
83%
in
83%
in
83%
in
83%
in
83%
in
83%
in
83%
He
80.5%
It
78.9%
it
78.9%
on
78.4%
on
78.4%
on
78.4%
on
78.4%
on
78.4%
on
78.4%
on
78.4%
on
78.4%
on
78.4%
on
78.4%
She
78.1%
of
71.4%
girl
67.4%
% Correct
Just
67%
Just
67%
just
67%
Just
67%
just
67%
goin'
66.8%
goin'
66.8%
world
66%
For
65.8%
boy
65.6%
can
65.3%
goes
65.3%
goes
65.3%
small
64.4%
town
63.7%
Livin'
63.6%
living
63.6%
living
63.6%
they
63.5%
night
63.2%
night
63.2%
night
63.2%
night
63.2%
night
63.2%
took
62.9%
took
62.9%
train
62.7%
train
62.7%
lonely
62.2%
midnight
62.1%
midnight
62.1%
Don't
61.5%
Don't
61.5%
will
61.4%
will
61.4%
anywhere
60.9%
anywhere
60.9%
were
60.2%
city
59.8%
Some
58.7%
some
58.7%
Some
58.7%
Born
58.3%
South
58.3%
born
58.3%
Detroit
58.1%
raised
58%
up
57.9%
up
57.9%
down
57.1%
down
57.1%
my
55.5%
stop
54.8%
stop
54.8%
time
54.5%
win
54.5%
one
53.2%
believin'
52.9%
believin'
52.9%
sing
52.8%
% Correct
perfume
52.1%
smell
52%
cheap
51.5%
people
51.2%
people
51.2%
people
51.2%
people
51.2%
room
50.5%
wine
50.5%
boulevard
48.6%
boulevard
48.6%
never
48.5%
lose
47.9%
Hold
47.9%
Hold
47.9%
more
47.5%
Strangers
47.3%
Strangers
47.3%
smoky
47.1%
Streetlight
47%
Streetlight
47%
Streetlight
47%
Streetlight
47%
feelin'
46.8%
blues
45.6%
their
45.4%
get
45.4%
their
45.4%
find
44.6%
find
44.6%
shadows
43.4%
shadows
43.4%
somewhere
42.5%
somewhere
42.5%
singer
41.4%
share
40.8%
emotion
40.7%
emotion
40.7%
waiting
40.2%
waiting
40.2%
ends
39.8%
searching
38.9%
wants
38.9%
searching
38.9%
Oh
38%
smile
36.5%
Everybody
35.7%
hiding
35.3%
hiding
35.3%
roll
35%
thrill
34.8%
Working
34.5%
dice
34.4%
hard
34.3%
movie
34.1%
anything
31.9%
fill
31.5%
Payin'
23.1%

You're not logged in!

Compare scores with friends on all Sporcle quizzes.
OR
Log In

You Might Also Like...

Show Comments

Extras

Created Apr 25, 2010ReportNominate
Tags:Lyrics Quiz, Song Quiz, 1980s

Top Quizzes Today


Score Distribution

Your Account Isn't Verified!

In order to create a playlist on Sporcle, you need to verify the email address you used during registration. Go to your Sporcle Settings to finish the process.

Report this User

Report this user for behavior that violates our Community Guidelines.

Details: